000
00261nam a2200097Ia 4500
001
1162137
005
20250827011638.0
008
250824s9999 xx 000 0 und d
245
0
_a
MUTLULUĞU SENDE BULAN SENİNDİR
_c
HAKAN MENGÜÇ
260
_b
DESTEK YAYINLARI
999
_c
1162137
_d
1162137